00694nam a2200145 a 450000100100000000500170001000800410002704000250006808200150009324502050010826000850031330000200039895201130041899900170053100003260620200930065730.0110719s2005 dr r 000 0 spa d aDO-SdBNPbspacBNPHU axxxxbxxxx03aEl Dr. Jeffrey Sachs visita a la República Dominicana :bSecretarios de Estado presentan resultados preliminares de la evaluación de necesidades sobrelos objetivos de desarrollo del milenio (ODM). aSanto Domingo :bComisión Presidencial Sobre los Objetivos del Milenio,c2005. a70 p. ;c30 cm. 0010718PDaPDbPDcHDd2011-07-19iLF1l0oxxxx xxxxp32606-10r2020-06-25w2020-06-25yLFPDZNo se presta c32097d32097